000
00399nam a22001697a 4500
003
MPLRDC
005
20220104114552.0
008
210129b ||||| |||| 00| 0 eng d
082
_a
782.24 ZLS
100
_a
张乐水 编著
245
_a
才子小传
_c
260
_a
_b
常春树书坊
_c
1976
300
_b
平
490
_a
中国人的书
650
_a
中国传记
942
_c
BK
_o
782.24 ZLS
999
_c
8506
_d
8496